Loading...
| History - World | 0 | 2 | 0 | 0 | 20 | 72 | 84.00 | 0 | 1 | 0.00 | 0.00 |
| Science - Physics | 0 | 2 | 0 | 0 | 20 | 98 | 111.50 | 0 | 0 | 0.00 | 0.00 |
| History - Other | 0 | 2 | 1 | 0 | 15 | 86 | 100.50 | 0 | 0 | 0.00 | 0.00 |
| Fine Arts - Other | 0 | 1 | 0 | 0 | 10 | 132 | 132.00 | 0 | 0 | 0.00 | 0.00 |
| Geography/Current Events | 0 | 1 | 0 | 0 | 10 | 29 | 29.00 | 1 | 1 | 0.00 | 0.00 |
| Literature - World/Other | 0 | 1 | 0 | 0 | 10 | 128 | 128.00 | 0 | 1 | 0.00 | 0.00 |
| Science - Chemistry | 0 | 1 | 0 | 0 | 10 | 42 | 42.00 | 1 | 1 | 0.00 | 0.00 |
| Social Science | 0 | 1 | 0 | 0 | 10 | 96 | 96.00 | 0 | 0 | 0.00 | 0.00 |
| Science - Biology | 0 | 1 | 1 | 0 | 5 | 115 | 115.00 | 0 | 0 | 0.00 | 0.00 |
| Fine Arts - Visual | 0 | 0 | 0 | 0 | 0 | 0.00 | 0 | 0 | 0.00 | 0.00 | |
| Other Academic | 0 | 0 | 0 | 0 | 0 | 0.00 | 0 | 0 | 0.00 | 0.00 | |
| Literature - American | 0 | 0 | 0 | 0 | 0 | 0.00 | 0 | 0 | 0.00 | 0.00 | |
| Literature - European | 0 | 0 | 0 | 0 | 0 | 0.00 | 0 | 0 | 0.00 | 0.00 | |
| Mythology | 0 | 0 | 1 | 0 | -5 | 0.00 | 0 | 0 | 0.00 | 0.00 | |
| History - American | 0 | 0 | 2 | 0 | -10 | 0.00 | 0 | 0 | 0.00 | 0.00 | |
| History - European | 0 | 0 | 3 | 0 | -15 | 0.00 | 0 | 0 | 0.00 | 0.00 |